000 00845nam a2200265 i 4500
001 bg
245 0 0 _aKodeks postępowania cywilnego :
_bkomentarz.
_nT. 2 /
_cred. Kazimierz Piasecki ; aut. Anna Barańska [et al.].
250 _a3 wyd.
260 _aWarszawa :
_bC. H. Beck,
_c2002.
300 _aXIX, 1262 s. ;
_c20 cm.
490 1 _aKomentarze Becka
500 _aTyt. okł.: Kodeks postępowana cywilnego (art.425-843).
504 _aBibliogr. przy rozdz. - Indeks.
650 9 _aPostępowanie cywilne
_zPolska
_ystan na 2002 r.
700 1 _aPIASECKI, Kazimierz.
_eRed.
700 1 _aBARAŃSKA, Anna.
830 _aKomentarze Becka
020 _a837247981X (t. 2)
040 _cBPK
041 0 _apl
080 _a347.91/.95(438)
920 _a83-7247-981-X (t. 2)
942 _cKS
008 s pl f |000 0 pol
999 _c42552
_d42552
856 _uhttp://koha.tu.koszalin.pl/cgi-bin/koha/opac-detail.pl?biblionumber=42552
_yKatalog online BPK